[Event "Titled Tuesday intern op 08th Mar Late"]
[Site "Chess.com INT"]
[Date "2022.03.08"]
[Round "11"]
[White "Martin Barcelo, Carles"]
[Black "Mogranzini, Roberto"]
[Result "1-0"]
[WhiteElo "2221"]
[BlackElo "2459"]
[PlyCount "199"]
[EventDate "2022.03.08"]
[EventType "swiss (blitz)"]
[EventRounds "11"]
[EventCountry "USA"]
[SourceTitle "CBM 207 Extra"]
[Source "ChessBase"]
[SourceDate "2022.05.31"]
[SourceVersion "1"]
[SourceVersionDate "2022.05.31"]
[SourceQuality "1"]

1. e4 c5 2. Nf3 Nc6 3. Bb5 g6 4. 0-0 Bg7 5. c3 Nf6 6. Re1 0-0 7. d4 d5 8. e5 Ne4 9. Bxc6 bxc6 10. Be3 cxd4 11. cxd4 Rb8 12. Qc1 Qb6 13. b3 Bg4 14. h3 Bd7 15. Nc3 Nxc3 16. Qxc3 a5 17. Rab1 Qb4 18. Rec1 a4 19. Qxb4 Rxb4 20. Bd2 Rbb8 21. bxa4 f6 22. Bf4 Ra8 23. Rb4 Ra7 24. exf6 exf6 25. Nd2 Rfa8 26. Nb3 Bf8 27. Nc5 Bxc5 28. Rxc5 Rxa4 29. Rb7 R4a7 30. Rxa7 Rxa7 31. Rc2 Ra4 32. Rd2 g5 33. Bd6 Kf7 34. Bc5 Bf5 35. Re2 Be6 36. a3 Ra8 37. Rb2 Bc8 38. Re2 Be6 39. Rb2 Bd7 40. Re2 Kg6 41. g4 h5 42. Re7 Bc8 43. f3 hxg4 44. hxg4 Ba6 45. Re3 Bb5 46. Bb4 Rh8 47. Kg2 Kf7 48. Re1 Kg6 49. Rh1 Re8 50. Re1 Ra8 51. Kf2 Bc4 52. Kg2 Rh8 53. Rh1 Re8 54. Re1 Ra8 55. Kf2 Rh8 56. Kg2 Bd3 57. Rh1 Ra8 58. Re1 Ra7 59. Rd1 Bc4 60. Re1 Kf7 61. Rd1 Be2 62. Re1 Bd3 63. Rh1 Kg6 64. Rd1 Bc4 65. Re1 Rf7 66. Re3 Bb5 67. Re1 Rh7 68. Rh1 Rb7 69. Re1 Rb8 70. Rh1 f5 71. gxf5+ Kxf5 72. Re1 Rg8 73. Re5+ Kf6 74. Be7+ Kf7 75. Bxg5 Ra8 76. Be7 Rg8+ 77. Kf2 Rh8 78. Bc5 Rh2+ 79. Ke3 Rb2 80. Kf4 Rb3 81. Re7+ Kf6 82. Rh7 Be2 83. Rh6+ Kg7 84. Rxc6 Bxf3 85. Ke5 Be4 86. Kd6 Kg6 87. Rc7 Kf5 88. Ra7 Bd3 89. a4 Bc4 90. a5 Rb2 91. Bb6 Ra2 92. Re7 Kf4 93. Kc7 Kf5 94. Kb7 Kf6 95. Re8 Kf7 96. Ra8 Ke6 97. a6 Kd7 98. a7 Bb5 99. Rd8+ Ke7 100. a8Q 1-0

[Event "Titled Tuesday intern op 08th Mar Late"]
[Site "Chess.com INT"]
[Date "2022.03.08"]
[Round "3"]
[White "Mogranzini, Roberto"]
[Black "Baker, Chris W"]
[Result "1-0"]
[WhiteElo "2459"]
[BlackElo "2258"]
[PlyCount "89"]
[EventDate "2022.03.08"]
[EventType "swiss (blitz)"]
[EventRounds "11"]
[EventCountry "USA"]
[SourceTitle "CBM 207 Extra"]
[Source "ChessBase"]
[SourceDate "2022.05.31"]
[SourceVersion "1"]
[SourceVersionDate "2022.05.31"]
[SourceQuality "1"]

1. e4 e5 2. Nf3 Nc6 3. Bb5 a6 4. Ba4 Nf6 5. Qe2 b5 6. Bb3 Bc5 7. c3 d6 8. 0-0 0-0 9. d3 h6 10. Be3 Ba7 11. Nbd2 Bb7 12. Bxa7 Rxa7 13. Rfe1 Ra8 14. Nf1 Ne7 15. Ng3 Ng6 16. Qd2 Re8 17. Nf5 d5 18. Nxh6+ gxh6 19. Qxh6 Nh7 20. Re3 Qf6 21. exd5 Rad8 22. c4 Qf4 23. Qh5 Nf6 24. Qg5 Ng4 25. Re4 Qxg5 26. Nxg5 f5 27. Ree1 Re7 28. f3 Nf6 29. Ne6 Rde8 30. Nc5 Bc8 31. cxb5 axb5 32. d6+ Rf7 33. dxc7 Kg7 34. Bxf7 Kxf7 35. a4 Re7 36. axb5 Rxc7 37. b4 Nd5 38. Reb1 Nb6 39. Rc1 Nf4 40. g3 Nfd5 41. Na6 Rxc1+ 42. Rxc1 Bxa6 43. bxa6 Nxb4 44. a7 Nxd3 45. Rb1 1-0

[Event "Titled Tuesday intern op 08th Mar Late"]
[Site "Chess.com INT"]
[Date "2022.03.08"]
[Round "1"]
[White "Winkels, Marcel"]
[Black "Mogranzini, Roberto"]
[Result "0-1"]
[WhiteElo "1974"]
[BlackElo "2459"]
[PlyCount "70"]
[EventDate "2022.03.08"]
[EventType "swiss (blitz)"]
[EventRounds "11"]
[EventCountry "USA"]
[SourceTitle "CBM 207 Extra"]
[Source "ChessBase"]
[SourceDate "2022.05.31"]
[SourceVersion "1"]
[SourceVersionDate "2022.05.31"]
[SourceQuality "1"]

1. e4 c5 2. Nf3 Nc6 3. Bb5 g6 4. 0-0 Bg7 5. Re1 Nf6 6. e5 Nd5 7. Nc3 Nc7 8. Bxc6 dxc6 9. Ne4 Ne6 10. d3 h6 11. Be3 b6 12. Qd2 g5 13. h3 Rg8 14. Nh2 Bh8 15. Ng4 h5 16. Nh2 g4 17. hxg4 hxg4 18. Qe2 Nd4 19. Bxd4 Qxd4 20. Kh1 Be6 21. c3 Qxe5 22. d4 cxd4 23. cxd4 Qh5 24. g3 Bd5 25. Kg1 0-0-0 26. a4 Bxd4 27. Qa6+ Kb8 28. a5 Rh8 29. axb6 Qxh2+ 30. Kf1 Qh1+ 31. Ke2 Qxe4+ 32. Kd1 Qf3+ 33. Kc1 Bxb6 34. Rxe7 Rh1+ 35. Kc2 Be4+ 0-1

[Event "Titled Tuesday intern op 01st Mar Late"]
[Site "Chess.com INT"]
[Date "2022.03.01"]
[Round "3"]
[White "Mogranzini, Roberto"]
[Black "Dourerassou, Jonathan"]
[Result "1/2-1/2"]
[WhiteElo "2459"]
[BlackElo "2443"]
[PlyCount "224"]
[EventDate "2022.03.01"]
[EventType "swiss (blitz)"]
[EventRounds "11"]
[EventCountry "USA"]
[SourceTitle "CBM 207 Extra"]
[Source "ChessBase"]
[SourceDate "2022.05.31"]
[SourceVersion "1"]
[SourceVersionDate "2022.05.31"]
[SourceQuality "1"]

1. e4 d6 2. d4 g6 3. Nc3 Bg7 4. Be3 c6 5. Qd2 b5 6. f3 Nf6 7. h4 Qa5 8. g4 b4 9. Nce2 h5 10. g5 Nfd7 11. a3 c5 12. Nc1 cxd4 13. Bxd4 Bxd4 14. Qxd4 bxa3+ 15. b4 Qe5 16. Qxe5 Nxe5 17. Rxa3 Nbc6 18. c3 0-0 19. Nd3 Be6 20. Nf4 Bc4 21. Bxc4 Nxc4 22. Ra6 N6e5 23. Nd5 e6 24. Nf6+ Kg7 25. f4 Nd3+ 26. Ke2 Nxf4+ 27. Kf3 Nd3 28. Ne2 Rfc8 29. Rha1 Rc7 30. Nd4 Nce5+ 31. Ke3 Rxc3 32. Nxe6+ fxe6 33. Rxa7+ Rxa7 34. Rxa7+ Kf8 35. Kd2 Rb3 36. Ra8+ Ke7 37. Re8+ Kf7 38. Rc8 Nxb4 39. Rc7+ Kf8 40. Rb7 Nc4+ 41. Ke2 Rb2+ 42. Kf1 Ne3+ 43. Kg1 Nd3 44. Rd7 Rb1+ 45. Kh2 Ng4+ 46. Nxg4 hxg4 47. Rxd6 Nf4 48. Kg3 e5 49. Kxg4 Rg1+ 50. Kf3 Ke7 51. Ra6 Rd1 52. Ra5 Ke6 53. Ra6+ Rd6 54. Ra5 Rb6 55. Kg4 Nd3 56. h5 gxh5+ 57. Kxh5 Nf2 58. g6 Nxe4 59. g7 Kf7 60. Rxe5 Nf6+ 61. Kg5 Nh7+ 62. Kh5 Kxg7 63. Re7+ Kg8 64. Ra7 Nf6+ 65. Kg5 Ne8 66. Re7 Kf8 67. Ra7 Nd6 68. Kh6 Nf7+ 69. Kh5 Kg7 70. Kg4 Kf6 71. Kf3 Rb4 72. Ke3 Ne5 73. Kd2 Rb3 74. Kc2 Rh3 75. Ra6+ Kf5 76. Ra5 Ke4 77. Ra4+ Kd5 78. Ra5+ Kd4 79. Ra4+ Nc4 80. Kd1 Kd3 81. Ke1 Rf3 82. Ra8 Rf6 83. Rd8+ Ke3 84. Re8+ Kd3 85. Rd8+ Ke4 86. Re8+ Ne5 87. Ra8 Rh6 88. Kf2 Rf6+ 89. Ke2 Nf3 90. Ra4+ Nd4+ 91. Ke1 Rf3 92. Ra8 Rh3 93. Kf2 Rh2+ 94. Kg3 Rh7 95. Re8+ Kd3 96. Rd8 Rg7+ 97. Kf2 Rf7+ 98. Kg3 Ke4 99. Re8+ Kd5 100. Rd8+ Ke5 101. Re8+ Ne6 102. Ra8 Ke4 103. Re8 Rg7+ 104. Kf2 Rg6 105. Kf1 Ke3 106. Re7 Kf3 107. Rf7+ Nf4 108. Ke1 Rd6 109. Rf8 Ke3 110. Re8+ Kf3 111. Rf8 Rd5 112. Rf7 Re5+ 1/2-1/2

[Event "Titled Tuesday intern op 22nd Feb Late"]
[Site "Chess.com INT"]
[Date "2022.02.22"]
[Round "3"]
[White "Csonka, Balazs"]
[Black "Mogranzini, Roberto"]
[Result "1-0"]
[WhiteElo "2474"]
[BlackElo "2459"]
[PlyCount "55"]
[EventDate "2022.02.22"]
[EventType "swiss (blitz)"]
[EventRounds "11"]
[EventCountry "USA"]
[SourceTitle "CBM 207 Extra"]
[Source "ChessBase"]
[SourceDate "2022.05.31"]
[SourceVersion "1"]
[SourceVersionDate "2022.05.31"]
[SourceQuality "1"]

1. d4 Nf6 2. Nf3 d6 3. c4 g6 4. Nc3 Bf5 5. e3 Bg7 6. Bd3 Bxd3 7. Qxd3 0-0 8. 0-0 Nbd7 9. e4 e5 10. d5 Nc5 11. Qc2 a5 12. Be3 b6 13. Ne1 Ng4 14. Bd2 f5 15. f3 Nh6 16. Nd3 Qh4 17. Nxc5 bxc5 18. a4 fxe4 19. Qxe4 Qh5 20. Nb5 Rf7 21. Rf2 Kh8 22. Raf1 Ng8 23. Qe1 Nf6 24. Bxa5 Qh4 25. b3 Rc8 26. Bc3 Re8 27. Re2 Bh6 28. Qxh4 1-0

[Event "Titled Tuesday intern op 22nd Feb Late"]
[Site "Chess.com INT"]
[Date "2022.02.22"]
[Round "7"]
[White "Nikologorsky, Matfei"]
[Black "Mogranzini, Roberto"]
[Result "0-1"]
[WhiteElo "2182"]
[BlackElo "2459"]
[PlyCount "88"]
[EventDate "2022.02.22"]
[EventType "swiss (blitz)"]
[EventRounds "11"]
[EventCountry "USA"]
[SourceTitle "CBM 207 Extra"]
[Source "ChessBase"]
[SourceDate "2022.05.31"]
[SourceVersion "1"]
[SourceVersionDate "2022.05.31"]
[SourceQuality "1"]

1. e4 c5 2. Nf3 e6 3. d4 cxd4 4. Nxd4 a6 5. c4 Qc7 6. Bd3 Nf6 7. 0-0 Bd6 8. h3 Bh2+ 9. Kh1 Bf4 10. Nc3 Nc6 11. Nce2 Bxc1 12. Rxc1 d6 13. f4 Bd7 14. a3 0-0 15. g4 Rfd8 16. g5 Ne8 17. Nf3 Ne7 18. Ng3 Bc6 19. Qe2 b6 20. f5 Bb7 21. fxe6 fxe6 22. Nd4 Qd7 23. Nh5 Ng6 24. Rf2 Nc7 25. Rcf1 Rf8 26. Kh2 Qe7 27. h4 Ne5 28. Bc2 b5 29. cxb5 Nxb5 30. Nxb5 axb5 31. Rg2 Rxf1 32. Qxf1 Bc6 33. Qf4 Rf8 34. Nf6+ Kh8 35. h5 gxf6 36. gxf6 Qxf6 37. Qg3 Nf3+ 38. Kh1 Qh4+ 39. Qxh4 Nxh4 40. Rg4 Nf3 41. Bb3 Bd7 42. Rg3 Ne5 43. Rc3 Kg7 44. Rc7 Kh6 0-1

[Event "Titled Tuesday intern op 15th Feb Late"]
[Site "Chess.com INT"]
[Date "2022.02.15"]
[Round "3"]
[White "Lavrik, Dmitry"]
[Black "Mogranzini, Roberto"]
[Result "1-0"]
[WhiteElo "2425"]
[BlackElo "2459"]
[PlyCount "73"]
[EventDate "2022.02.15"]
[EventType "swiss (blitz)"]
[EventRounds "11"]
[EventCountry "USA"]
[SourceTitle "CBM 206 Extra"]
[Source "ChessBase"]
[SourceDate "2022.03.31"]
[SourceVersion "1"]
[SourceVersionDate "2022.03.31"]
[SourceQuality "1"]

1. e4 c5 2. Nf3 e6 3. c3 Nf6 4. e5 Nd5 5. Bc4 d6 6. d4 cxd4 7. cxd4 Nb6 8. Bd3 dxe5 9. dxe5 Na6 10. Qe2 Nc5 11. Bc2 Nd5 12. a3 a5 13. Ng5 Be7 14. h4 Bd7 15. Nd2 Qc7 16. Ndf3 h6 17. Ne4 Nxe4 18. Bxe4 Nc3 19. bxc3 Qxc3+ 20. Qd2 Qxa1 21. 0-0 Bb5 22. Re1 0-0 23. Qf4 Rac8 24. Bd2 Qxa3 25. Qg4 Kh8 26. Qh5 f5 27. exf6 Rxf6 28. Ne5 Be8 29. Qg4 Qd6 30. Bf4 Rxf4 31. Qxf4 Rc5 32. Bb1 a4 33. Qe4 g6 34. Nxg6+ Kg7 35. Nf4 Rf5 36. Nxe6+ Qxe6 37. Qxe6 1-0

[Event "Titled Tuesday intern op 15th Feb Late"]
[Site "Chess.com INT"]
[Date "2022.02.15"]
[Round "6"]
[White "Mogranzini, Roberto"]
[Black "Bolanos, Fernando"]
[Result "0-1"]
[WhiteElo "2459"]
[BlackElo "2260"]
[PlyCount "116"]
[EventDate "2022.02.15"]
[EventType "swiss (blitz)"]
[EventRounds "11"]
[EventCountry "USA"]
[SourceTitle "CBM 206 Extra"]
[Source "ChessBase"]
[SourceDate "2022.03.31"]
[SourceVersion "1"]
[SourceVersionDate "2022.03.31"]
[SourceQuality "1"]

1. e4 c5 2. Nf3 Nc6 3. Nc3 g6 4. d4 cxd4 5. Nxd4 Bg7 6. Nb3 d6 7. Be2 Nf6 8. 0-0 0-0 9. Bg5 a6 10. f4 b5 11. Bf3 Bb7 12. Nd5 Nxd5 13. exd5 Na5 14. Nxa5 Qxa5 15. c3 b4 16. Kh1 Rfe8 17. cxb4 Qxb4 18. a3 Qb5 19. Rc1 Rac8 20. Rxc8 Bxc8 21. b4 Bf5 22. Be2 Qb6 23. Qa4 Rc8 24. Qxa6 Qe3 25. Bf3 Rc1 26. h3 Bd4 27. Bh6 Rxf1+ 28. Qxf1 Qxa3 29. b5 Bd3 30. Be2 Be4 31. Bf3 Bd3 32. Be2 Be4 33. Bf3 Bxf3 34. Qxf3 Qxf3 35. gxf3 f6 36. Kg2 Kf7 37. Kf1 e6 38. dxe6+ Kxe6 39. Ke2 Kd5 40. Kd3 Bf2 41. f5 gxf5 42. Bf4 Kc5 43. b6 Kxb6 44. Bxd6 Kc6 45. Be7 Bh4 46. Kc4 Kd7 47. Ba3 Ke6 48. Bb2 Bg3 49. Ba3 Bd6 50. Bb2 Be5 51. Ba3 Kf7 52. Kd5 Kg6 53. Bc1 Kh5 54. Ke6 Kh4 55. f4 Bc3 56. Kxf5 Kxh3 57. Be3 h5 58. Bb6 Kg3 0-1